000 00345 a2200145 4500
020 _a978-85-88-721-55-5
040 _aISPLB
082 _a72
_b72
100 _91192
_aPORTZAMPARC ,Christian de
245 _aTributo a Niemeyer
260 _aRio de janeiro
_bviana e mosley
_c2009
300 _a175p
650 _aArquitectura
942 _cLivros
999 _c2365
_d2365